Tratado de las obligaciones

Guardado en:
Detalles Bibliográficos
Autores principales: Alessandri Rodríguez, Arturo (autor), Somarriva Undurraga, Manuel (Autor), Vodanovic Haklicka, Antonio (Autor)
Formato: Libro
Lenguaje:español
Publicado: Santiago Jurídica de Chile 2004
Edición:2a. ed
Materias:
Etiquetas: Agregar Etiqueta
Sin Etiquetas, Sea el primero en etiquetar este registro!

MARC

LEADER 00000nam a2200000 a 4500
001 UCL9601
003 CL-VaPUC
008 040813e20040000CL |||||||||||||||||spa|d
020 |a 9561015358 
082 0 4 |a 346.8302  |b ALE  |2 21 
100 |a Alessandri Rodríguez, Arturo  |e autor  |9 605353 
700 0 |a Somarriva Undurraga, Manuel  |e author  |9 487502 
700 0 |a Vodanovic Haklicka, Antonio  |e author  |9 487503 
245 1 0 |a Tratado de las obligaciones 
250 |a 2a. ed 
300 |a 3 v 
942 |c BK 
945 |d 20040813 00:00:00  |a cmena 
260 |a Santiago  |b Jurídica de Chile  |c 2004 
500 |a v.2: Del cumplimiento e incumplimiento de las obligaciones, de la protección de los derechos del acreedor, de la insolvencia y las formas de pago de los deudores insolventes 
650 0 |a Contratos  |9 255153 
650 0 |a Obligaciones   |9 255578 
650 0 |a Derechos reales  |9 257708 
650 0 |a Derechos personales   |9 430777 
650 0 |a Fuentes de las obligaciones   |9 385043 
650 0 |a Código civil chileno  |9 255931 
650 0 |a Obligaciones contractuales  |9 386117 
583 |a last modification  |c 20040813 00:00:00  |k Rodrigo Vera 
999 |c 310341  |d 310339 
952 |0 0  |1 0  |4 0  |6 346_830200000000000_ALE_2004  |7 0  |8 A  |9 378651  |a BIBDER  |b BIBDER  |d 2019-11-21  |h v.2  |i 4049233  |l 3  |o 346.8302 ALE 2004  |p 4049233  |r 2025-04-11  |s 2025-04-11  |w 2019-11-21  |y BK  |k DER 
952 |0 0  |1 0  |4 0  |6 346_830200000000000_ALE_2004  |7 0  |8 A  |9 378652  |a BIBDER  |b BIBDER  |d 2019-11-21  |h v.2  |i 4196945  |l 1  |m 5  |o 346.8302 ALE 2004  |p 4196945  |q 2025-12-31  |r 2020-03-04  |s 2020-03-04  |w 2019-11-21  |y BK  |k DER 
952 |0 0  |1 0  |4 0  |6 346_830200000000000_ALE_2004  |7 0  |8 A  |9 378653  |a BIBDER  |b BIBDER  |d 2019-11-21  |h v.2  |i 437343K  |l 2  |o 346.8302 ALE 2004  |p 437343K  |r 2024-06-28  |s 2024-06-21  |w 2019-11-21  |y BK  |k DER 
952 |0 0  |1 0  |4 0  |6 346_830200000000000_ALE_2004  |7 0  |8 A  |9 378654  |a BIBDER  |b BIBDER  |d 2019-11-21  |h v.1  |i 448441K  |l 1  |m 4  |o 346.8302 ALE 2004  |p 448441K  |q 2025-07-31  |r 2020-03-04  |s 2020-03-04  |w 2019-11-21  |y BK  |k DER 
952 |0 0  |1 0  |4 0  |6 346_830200000000000_ALE_2004  |7 0  |8 A  |9 378655  |a BIBDER  |b BIBDER  |d 2019-11-21  |h v.2  |i 4484428  |l 2  |o 346.8302 ALE 2004  |p 4484428  |r 2024-04-24  |s 2024-04-17  |w 2019-11-21  |y BK  |k DER 
952 |0 0  |1 0  |4 0  |6 346_830200000000000_ALE_2004  |7 0  |8 A  |9 378656  |a BIBDER  |b BIBDER  |d 2019-11-21  |h v.3  |i 4484436  |l 5  |o 346.8302 ALE 2004  |p 4484436  |r 2024-09-16  |s 2024-09-16  |w 2019-11-21  |y BK  |k DER 
952 |0 0  |1 0  |4 0  |6 346_830200000000000_ALE_2004  |7 0  |8 A  |9 378657  |a BIBDER  |b BIBDER  |d 2019-11-21  |h v.2  |i 4508777  |l 2  |o 346.8302 ALE 2004  |p 4508777  |r 2024-06-28  |s 2024-06-24  |w 2019-11-21  |y BK  |k DER 
952 |0 0  |1 0  |4 0  |6 346_830200000000000_ALE_2004  |7 0  |8 A  |9 378658  |a BIBDER  |b BIBDER  |d 2019-11-21  |h v.2  |i 458791K  |l 2  |o 346.8302 ALE 2004  |p 458791K  |r 2024-04-16  |s 2024-04-16  |w 2019-11-21  |y BK  |k DER 
952 |0 0  |1 0  |4 0  |6 346_830200000000000_ALE_2004  |7 0  |8 A  |9 378659  |a BIBDER  |b BIBDER  |d 2019-11-21  |h v.2  |i 4587901  |o 346.8302 ALE 2004  |p 4587901  |r 2023-01-25  |w 2019-11-21  |y BK  |k DER